Observaciones sobre el proyecto de ley para la creación de un banco general de emisión : (Record no. 162392)
[ view plain ]
| 000 -LEADER | |
|---|---|
| campo de control de longitud fija | 00721nam a22001695i 4500 |
| 001 - NÚMERO DE CONTROL | |
| campo de control | 162392 |
| 003 - IDENTIFICADOR DE NÚMERO DE CONTROL | |
| campo de control | ES-MaACL |
| 005 - FECHA Y HORA DE LA ÚLTIMA TRANSACCIÓN | |
| campo de control | 20230906212520.0 |
| 008 - DATOS DE LONGITUD FIJA--INFORMACIÓN GENERAL | |
| campo de control de longitud fija | 970410s1866 sp |||| | spa d |
| 080 ## - NÚMERO DE LA CLASIFICACIÓN DECIMAL UNIVERSAL | |
| Número de la Clasificación Decimal Universal | 336.71(460)"18" |
| 100 1# - ENTRADA PRINCIPAL--NOMBRE DE PERSONA | |
| Nombre de persona | Polo de Bernabé y Borrás, José. |
| 9 (RLIN) | 131246 |
| 245 10 - MENCIÓN DEL TÍTULO | |
| Título | Observaciones sobre el proyecto de ley para la creación de un banco general de emisión : |
| Resto del título | publicadas en el periódico El Reino / |
| Mención de responsabilidad, etc. | por José Polo Bernabeu [sic] y Borrás. |
| 260 ## - PUBLICACIÓN, DISTRIBUCIÓN, ETC. | |
| Lugar de publicación, distribución, etc. | [Madrid] : |
| Nombre del editor, distribuidor, etc. | [s.n.], |
| Fecha de publicación, distribución, etc. | 1866 ( |
| Fabricante | Imp. de M.B. de Quirós) |
| 300 ## - DESCRIPCIÓN FÍSICA | |
| Extensión | 15 p. ; |
| Dimensiones | 23 cm. |
| 650 #4 - PUNTO DE ACCESO ADICIONAL DE MATERIA--TÉRMINO DE MATERIA | |
| Término de materia o nombre geográfico como elemento de entrada | Bancos- |
| Subdivisión geográfica | España- |
| Subdivisión cronológica | S.XIX. |
| 9 (RLIN) | 10490 |
| 852 4# - LOCALIZACIÓN | |
| Ubicación | ES-MaACL |
| Número de control de estantería | T-84-F-4 |
| Nota libre | - Enc. hol., falto de cub. original |
| -- | - Enc. en un vol. facticio |
| Estatus retirado | Estado de pérdida | Estado de daño | No para préstamo | Colección | Biblioteca de origen | Biblioteca actual | Ubicación en estantería | Fecha de adquisición | Total de préstamos | Signatura topográfica completa | Código de barras | Visto por última vez | Precio de reemplazo | Tipo de ítem Koha |
|---|---|---|---|---|---|---|---|---|---|---|---|---|---|---|
| Colección de folletos | Biblioteca del Ateneo de Madrid | Biblioteca del Ateneo de Madrid | Depósito folletos | 17/01/2008 | T-84-F-4 | 1170127 | 23/02/2023 | 23/02/2023 | Folleto |
